000 00609nam a2200193Ia 4500
005 20260114185641.0
008 008 260114s9999 xx 000 0 eng d
020 _a9780755626298
037 _aEBOOK
040 _aCRL
_beng
_cCRL
041 _aeng
_2eng
084 _qCRL
100 _aValerie Anderson
_9872688
245 0 _aRace and Power in British India Anglo-Indians, Class and Identity in the Nineteenth Century
260 _bBloomsbury
_c2015
856 _uhttps://doi.org/10.5040/9780755626298?locatt=label:secondary_bloomsburyCollections
942 _cEBOOK
999 _c1471636
_d1471636